Dinin siyasallaşması (Record no. 10493)

MARC details
000 -BAŞLIK
Sabit Uzunlukta Kontrol Alanı 00981na a2200289 4500
001 - KONTROL NUMARASI
Denetim Alanı 23928
003 - KONTROL NUMARASI IDENTIFIER
Denetim Alanı MIRAKIL
005 - SON İŞLEM TARİHİ VE ZAMANI
Denetim Alanı 20181213155324.0
008 - SABİT-BOY VERİ ELEMANLARI - GENEL BİLGİLER
Sabit Uzunlukta Kontrol Alanı 180123b tu 000 0
020 ## - ULUSLARARASI STANDART KİTAP NUMARASI
Uluslararası Standart Kitap Numarası 9754143331
040 ## - KATALOGLAMA KAYNAK
Orijinal Kataloglama Ajansı Milas
Kataloglama Dili tur
Metne Dönüştürmek Ajansı TR-AnCHP
041 ## - DİL KODU
Metin / Ses Parça Veya Ayrı Başlığın Dil Kodu tur
082 ## - DEWEY ONLU SINIFLANDIRMA NUMARASI
Sınıflandırma Numarası 322.109561
Ürün Numarası Y91d 1997
090 ## - SINIFLAMA NUMARASI
Sınıflama Numarası 322.109561 Y91d 1997
100 ## - ANA GİRİŞ - KİŞİSEL İSİM
Kişisel Ad Yücekök, Ahmet
245 ## - BAŞLIK TABLOSU
Başlık Dinin siyasallaşması
Başlığın Kalan Din-Devlet ilişkilerinde Türkiye deneyimi
Sorumluluk Tablosu, Vb Ahmet Yücekök
246 ## - UNVAN FORM VARYING
Başlık Doğru / Kısa Başlığı Din-Devlet ilişkilerinde Türkiye deneyimi
260 ## - YAYIN, DAĞITIM, VB
Yayın, Dağıtım, Vb Yeri İstanbul
Yayıncı, Dağıtıcı, Vs Adı AFA Yayınları
-- TÜSES Vakfı
Yayın, Dağıtım, Vb Tarihi 1997
Üretici Firma Özener matbaası
300 ## - FİZİKSEL TANIM
Kapsam 129 s.
Diğer Fiziksel Ayrıntıları hrt.,grf.
Boyutlar 23 sm.
440 ## - SERİSİ TABLOSU / KATMA GİRİŞİ - BAŞLIK
Başlık AFA- yayınları
Hacim / Ardışık Tanımı 364
490 ## - SERİSİ TABLOSU
Seri Beyanı AFA- Bilim Dizisi
Hacim / Ardışık Tanımı 6
650 ## - KONU KATMA GİRİŞ - TOPİKAL DÖNEM
Topikal Süreli Veya Coğrafi Ad Giriş Elemanı Din ve siyaset
Genel Alt Bölümü Türkiye
650 ## - KONU KATMA GİRİŞ - TOPİKAL DÖNEM
Topikal Süreli Veya Coğrafi Ad Giriş Elemanı Siyaset ve yönetim
Genel Alt Bölümü Türkiye
710 ## - KATMA GİRİŞ - KURUMSAL ADI
Giriş Elemanı Olarak Kurumsal Ad Veya Yargı Alanı Adı Türkiye Sosyal Ekonomik Siyasal Araştırmalar Vakfı (TÜSES)
740 ## - KATMA GİRİŞ - KONTROLSUZ İLGİLİ / ANALİTİK BAŞLIK
Kontrol Edilmeyen / İlgili Analitik Başlıktaki Din-Devlet ilişkilerinde Türkiye deneyimi
942 ## - EKLENDİ GİRİŞ ELEMANLARI (KOHA)
Sınıflandırma Veya Raf Düzeni Kaynak Dewey Decimal Classification
Koha Öğesi Türü Books
999 ## - SİSTEM KONTROL NUMARALARI (KOHA)
Koha Biblionumber 10493
Koha Biblioitemnumber 10493
Holdings
Kalıcı Konum Mevcut Konum Edinme Tarihi Edinim Kaynak Toplam Check-Out'Lar Tam Çağrı Numarası Barkod Tarih Son Görülme İtibaren Geçerli Fiyatlar Koha Öğesi Türü
CHP Kütüphanesi CHP Kütüphanesi 01/23/2018 Bağış   322.109561 Y91d 1997 017910 01/23/2018 01/23/2018 Books